[Event "MCR_CF284"]
[Site "?"]
[Date "2004.??.??"]
[Round "?"]
[White "Zavadil, Jaroslav"]
[Black "Houdek, Vladimir"]
[Result "1-0"]
[WhiteElo "2168"]
[BlackElo "2184"]
[PlyCount "41"]
[EventDate "2004.??.??"]
[EventType "corr"]
[EventRounds "2"]
[SourceDate "2005.03.12"]

1. e4 c5 2. Nf3 e6 3. d4 cxd4 4. Nxd4 a6 5. Nc3 Qc7 6. Bd3 Nf6 7. O-O Bc5 8.
Nb3 Be7 9. Be3 Nc6 10. f4 d6 11. Na4 Nd7 12. c4 b6 13. Qd2 Bb7 14. Rad1 O-O 15.
e5 Rad8 16. Bxh7+ Kxh7 17. exd6 Bxd6 18. Qxd6 Qc8 19. Qd2 b5 20. cxb5 axb5 21.
Nc3 1-0

[Event "MCR_CF284"]
[Site "?"]
[Date "2004.??.??"]
[Round "?"]
[White "Zavadil, Jaroslav"]
[Black "Jarabinsky, Martin"]
[Result "1/2-1/2"]
[WhiteElo "2168"]
[BlackElo "2127"]
[PlyCount "99"]
[EventDate "2004.??.??"]
[EventType "corr"]
[EventRounds "2"]
[SourceDate "2005.03.12"]

1. e4 e5 2. Nf3 Nc6 3. Bc4 Nf6 4. d4 exd4 5. O-O d6 6. Nxd4 Be7 7. Nxc6 bxc6 8.
Nc3 O-O 9. Qe2 Nd7 10. Rd1 Bf6 11. Be3 Qe7 12. f3 Rb8 13. Bb3 Nc5 14. Bxc5 dxc5
15. Na4 Bd4+ 16. Kh1 Qh4 17. g3 Qh5 18. Rd2 Be5 19. Rg1 Re8 20. Nxc5 Bxb2 21.
Qe3 Rb5 22. Nd7 Ba3 23. g4 Qg5 24. Qxg5 Rxg5 25. Ba4 Bd6 26. Bxc6 Rd8 27. Rb1
Bxd7 28. Bxd7 Ra5 29. a4 Kf8 30. Bb5 Rb8 31. Rb3 Rb6 32. Rd5 a6 33. Bd3 Rxd5
34. Rxb6 cxb6 35. exd5 a5 36. h4 Bg3 37. h5 g6 38. Kg2 Bf4 39. c4 Ke7 40. Kh3
Kd6 41. Kh4 g5+ 42. Kh3 h6 43. Bf5 Kc5 44. Bd7 Kxc4 45. Bc6 b5 46. Bxb5+ Kxd5
47. Kg2 Ke5 48. Bd3 Kd4 49. Be4 Ke3 50. Bd5 1/2-1/2

[Event "MCR_CF284"]
[Site "?"]
[Date "2004.??.??"]
[Round "?"]
[White "Mateka, Petr"]
[Black "Zavadil, Jaroslav"]
[Result "1-0"]
[WhiteElo "1899"]
[BlackElo "2168"]
[PlyCount "61"]
[EventDate "2004.??.??"]
[EventType "corr"]
[EventRounds "2"]
[SourceDate "2005.03.12"]

1. e4 e5 2. Nf3 Nc6 3. Bb5 a6 4. Ba4 Nf6 5. O-O Be7 6. Re1 b5 7. Bb3 O-O 8. c3
Bb7 9. d4 Na5 10. Bc2 exd4 11. e5 Nd5 12. Nxd4 Re8 13. Nd2 b4 14. Nf5 bxc3 15.
Nxg7 Kxg7 16. Qg4+ Bg5 17. Nf3 h5 18. Qg3 Rg8 19. Nxg5 Qe7 20. Re4 Rae8 21.
bxc3 Nc6 22. Rb1 Ba8 23. Nxf7+ Kxf7 24. Rf4+ Ke6 25. Qh3+ Rg4 26. Rxg4 hxg4 27.
Qh6+ Nf6 28. Bb3+ d5 29. exd6+ Kxd6 30. Qd2+ Kc5 31. Ba3+ 1-0

[Event "MCR_CF284"]
[Site "?"]
[Date "2004.??.??"]
[Round "?"]
[White "Zavadil, Jaroslav"]
[Black "Mateka, Petr"]
[Result "1/2-1/2"]
[WhiteElo "2168"]
[BlackElo "1899"]
[PlyCount "79"]
[EventDate "2004.??.??"]
[EventType "corr"]
[EventRounds "2"]
[SourceDate "2005.03.12"]

1. e4 e5 2. Nf3 Nc6 3. Bc4 Bc5 4. c3 Nf6 5. d4 exd4 6. cxd4 Bb4+ 7. Bd2 Bxd2+
8. Nbxd2 d5 9. exd5 Nxd5 10. O-O O-O 11. Re1 Nb6 12. Bd3 Nxd4 13. Nxd4 Qxd4 14.
Qc2 h6 15. Rad1 Bg4 16. Nf3 Qf6 17. Qxc7 Bxf3 18. gxf3 Qxb2 19. Re2 Qf6 20.
Qxb7 Rfd8 21. Qe4 g6 22. Bc2 Kg7 23. Ree1 a5 24. Qe7 Rxd1 25. Qxf6+ Kxf6 26.
Rxd1 Rc8 27. Bxg6 Kxg6 28. Rd6+ f6 29. Rxb6 Rc2 30. a3 Rc3 31. a4 Rc4 32. Rb5
Rxa4 33. Kg2 Ra1 34. f4 a4 35. Ra5 a3 36. h3 a2 37. Kh2 f5 38. Ra7 Kf6 39. Ra6+
Ke7 40. Kg2 1/2-1/2

[Event "MCR_CF284"]
[Site "?"]
[Date "2004.??.??"]
[Round "?"]
[White "Houdek, Vladimir"]
[Black "Zavadil, Jaroslav"]
[Result "1/2-1/2"]
[WhiteElo "2184"]
[BlackElo "2168"]
[PlyCount "58"]
[EventDate "2004.??.??"]
[EventType "corr"]
[EventRounds "2"]
[SourceDate "2005.03.12"]

1. Nf3 Nf6 2. c4 c5 3. Nc3 Nc6 4. d4 cxd4 5. Nxd4 e6 6. a3 d5 7. cxd5 exd5 8.
g3 Bc5 9. Be3 Bb6 10. Bg2 O-O 11. O-O Re8 12. Rc1 Bg4 13. h3 Bh5 14. Re1 Rc8
15. Qd2 Na5 16. Nxd5 Nxd5 17. Rxc8 Qxc8 18. Bxd5 Rd8 19. Rc1 Qxh3 20. Bg2 Qd7
21. Qc3 f6 22. Rd1 Qa4 23. Rd2 Bf7 24. Nf3 Rxd2 25. Nxd2 Bxe3 26. Qxe3 Nc6 27.
Be4 a6 28. Kg2 Qb5 29. b4 f5 1/2-1/2

[Event "MCR_CF284"]
[Site "?"]
[Date "2004.??.??"]
[Round "?"]
[White "Pribyl, Rudolf"]
[Black "Fejfar, Vlastimil"]
[Result "1/2-1/2"]
[WhiteElo "2056"]
[BlackElo "1958"]
[PlyCount "62"]
[EventDate "2004.??.??"]
[EventType "corr"]
[EventRounds "2"]
[SourceDate "2005.03.12"]

1. e4 e5 2. Nf3 Nc6 3. Bb5 a6 4. Ba4 Nf6 5. O-O Be7 6. Re1 b5 7. Bb3 O-O 8. c3
d5 9. exd5 Nxd5 10. Nxe5 Nxe5 11. Rxe5 c6 12. Bxd5 cxd5 13. d4 Bd6 14. Re3 Qh4
15. h3 g5 16. Qf3 Be6 17. Qf6 Rae8 18. Nd2 Qf4 19. Qxf4 Bxf4 20. Re1 Bxh3 21.
Nf3 Rxe1+ 22. Nxe1 Bxc1 23. Rxc1 Bf5 24. f3 Re8 25. Kf2 g4 26. fxg4 Bxg4 27.
Rc2 Bf5 28. Rd2 Kg7 29. Nd3 Bxd3 30. Rxd3 f5 31. Rf3 Kg6 1/2-1/2

[Event "MCR_CF284"]
[Site "?"]
[Date "2004.??.??"]
[Round "?"]
[White "Houdek, Vladimir"]
[Black "Fejfar, Vlastimil"]
[Result "1/2-1/2"]
[WhiteElo "2184"]
[BlackElo "1958"]
[PlyCount "65"]
[EventDate "2004.??.??"]
[EventType "corr"]
[EventRounds "2"]
[SourceDate "2005.03.12"]

1. Nf3 Nf6 2. c4 c5 3. Nc3 e6 4. g3 d5 5. cxd5 exd5 6. d4 cxd4 7. Nxd4 Nc6 8.
Bg2 Qb6 9. Nxc6 bxc6 10. O-O Be6 11. e4 Be7 12. exd5 cxd5 13. Nxd5 Nxd5 14.
Bxd5 Bxd5 15. Qxd5 O-O 16. Be3 Qxb2 17. Rab1 Qf6 18. Rfe1 Rfd8 19. Qb7 Bf8 20.
Bxa7 Qf5 21. Rec1 g6 22. a4 Qd7 23. Rc7 Qxa4 24. Qf3 f5 25. Qb7 Qe4 26. Be3
Qxb7 27. Rbxb7 h5 28. Kg2 Rdb8 29. h4 Rxb7 30. Rxb7 Bg7 31. Kf3 Ra3 32. Ke2
Ra2+ 33. Kd3 1/2-1/2

[Event "MCR_CF284"]
[Site "?"]
[Date "2004.??.??"]
[Round "?"]
[White "Fejfar, Vlastimil"]
[Black "Houdek, Vladimir"]
[Result "1/2-1/2"]
[WhiteElo "1958"]
[BlackElo "2184"]
[PlyCount "62"]
[EventDate "2004.??.??"]
[EventType "corr"]
[EventRounds "2"]
[SourceDate "2005.03.12"]

1. e4 c5 2. Nf3 e6 3. Nc3 a6 4. d4 cxd4 5. Nxd4 Qc7 6. Bd3 Nc6 7. Be3 Nf6 8.
O-O Ne5 9. Be2 b5 10. f4 Nc4 11. Bxc4 Qxc4 12. e5 Nd5 13. Nxd5 Qxd5 14. Qg4 Bb7
15. c3 Bc5 16. Rf2 O-O 17. Rd1 Bxd4 18. Bxd4 Qxa2 19. Bc5 Rfe8 20. Rxd7 Bd5 21.
Qh5 g6 22. Qd1 Qc4 23. Bd6 Bc6 24. Rc7 Rac8 25. Ra7 Ra8 26. Rxa8 Bxa8 27. Qd2
Bd5 28. Rf1 a5 29. h3 Rc8 30. Ra1 a4 31. Rd1 Qe4 1/2-1/2

[Event "MCR_CF284"]
[Site "?"]
[Date "2004.??.??"]
[Round "?"]
[White "Fejfar, Vlastimil"]
[Black "Pribyl, Rudolf"]
[Result "1-0"]
[WhiteElo "1958"]
[BlackElo "2056"]
[PlyCount "51"]
[EventDate "2004.??.??"]
[EventType "corr"]
[EventRounds "2"]
[SourceDate "2005.03.12"]

1. e4 e6 2. d4 d5 3. e5 c5 4. c3 Qb6 5. Nf3 Bd7 6. Bd3 cxd4 7. Nxd4 Nc6 8. Nxc6
Bxc6 9. Qe2 Ne7 10. Be3 Qc7 11. Bd4 Ng6 12. Qe3 Be7 13. O-O b6 14. Nd2 O-O 15.
f4 Rae8 16. Nf3 Qd7 17. Bc2 Bb5 18. Rf2 Bc4 19. b3 Ba6 20. a4 Ra8 21. g4 Nh4
22. Nxh4 Bxh4 23. Rf3 Qe7 24. g5 h6 25. Rh3 Qd8 26. Rxh4 1-0

[Event "MCR_CF284"]
[Site "?"]
[Date "2004.??.??"]
[Round "?"]
[White "Pribyl, Rudolf"]
[Black "Houdek, Vladimir"]
[Result "1/2-1/2"]
[WhiteElo "2056"]
[BlackElo "2184"]
[PlyCount "75"]
[EventDate "2004.??.??"]
[EventType "corr"]
[EventRounds "2"]
[SourceDate "2005.03.12"]

1. e4 c5 2. Nf3 e6 3. d4 cxd4 4. Nxd4 a6 5. Bd3 Nf6 6. O-O Qc7 7. Qe2 d6 8. c4
Be7 9. Nc3 O-O 10. Kh1 Nbd7 11. f4 b6 12. b3 b5 13. Bb2 b4 14. Na4 Bb7 15. Rae1
Nc5 16. Nxc5 dxc5 17. Nc2 Nd7 18. e5 g6 19. Qg4 Kh8 20. Rd1 Rad8 21. Qh3 Rg8
22. Rd2 f5 23. Rfd1 Bc6 24. Ne1 a5 25. Nf3 a4 26. Be2 Rge8 27. Qg3 a3 28. Ba1
Nb6 29. Ng5 Rxd2 30. Rxd2 Bxg5 31. Qxg5 Nd7 32. Bd3 Kg8 33. Bc2 Qb7 34. Qg3 Be4
35. Qf2 Bxc2 36. Rxc2 Re7 37. Re2 Qc6 38. Qh4 1/2-1/2

[Event "MCR_CF284"]
[Site "?"]
[Date "2004.??.??"]
[Round "?"]
[White "Struzka, Vlastimil"]
[Black "Houdek, Vladimir"]
[Result "1/2-1/2"]
[WhiteElo "2128"]
[BlackElo "2184"]
[PlyCount "71"]
[EventDate "2004.??.??"]
[EventType "corr"]
[EventRounds "2"]
[SourceDate "2005.03.12"]

1. d4 d5 2. Nf3 Nf6 3. e3 e6 4. Bd3 c5 5. O-O Nc6 6. c3 Bd6 7. dxc5 Bxc5 8.
Nbd2 O-O 9. e4 Qc7 10. exd5 exd5 11. Nb3 Bb6 12. Nbd4 Bg4 13. Qb3 h6 14. Bd2
Rae8 15. h3 Bxf3 16. Nxf3 Na5 17. Qc2 Nc4 18. Rae1 Nxd2 19. Qxd2 Ne4 20. Qc2
Qf4 21. Re2 Ng3 22. Rxe8 Rxe8 23. Rd1 Ne4 24. Re1 Kf8 25. Re2 Re7 26. Qd1 a6
27. Bc2 Re6 28. a4 Ng5 29. Nxg5 hxg5 30. Qd2 Rxe2 31. Qxe2 g6 32. Bd1 d4 33. g3
Qc1 34. Qc2 Qxc2 35. Bxc2 dxc3 36. bxc3 1/2-1/2

[Event "MCR_CF284"]
[Site "?"]
[Date "2004.??.??"]
[Round "?"]
[White "Zavadil, Jaroslav"]
[Black "Kratochvil, Vaclav"]
[Result "1/2-1/2"]
[WhiteElo "2168"]
[BlackElo "2199"]
[PlyCount "83"]
[EventDate "2004.??.??"]
[EventType "corr"]
[EventRounds "2"]
[SourceDate "2005.03.12"]

1. e4 c5 2. Nf3 Nc6 3. d4 cxd4 4. Nxd4 g6 5. Nc3 Bg7 6. Be3 Nf6 7. Be2 O-O 8.
O-O d6 9. f4 Qb6 10. Qd3 Ng4 11. Nxc6 Qxe3+ 12. Qxe3 Nxe3 13. Nxe7+ Kh8 14. Rf3
Nxc2 15. Rc1 Nd4 16. Rf2 f5 17. Bd3 Nc6 18. Nxc8 Raxc8 19. Rf3 b5 20. exf5 b4
21. Ne2 Nd4 22. Rff1 Nxe2+ 23. Bxe2 Bd4+ 24. Kh1 Rxc1 25. Rxc1 Bxb2 26. Rb1 Bc3
27. fxg6 Rxf4 28. gxh7 Rf2 29. Bc4 Rd2 30. Bb3 a5 31. Rd1 Rb2 32. Rxd6 a4 33.
Bxa4 Rxa2 34. Bb3 Rb2 35. Bd1 b3 36. Bf3 Kxh7 37. Rd1 Ra2 38. Bd5 Ra3 39. h4 b2
40. Be4+ Kg8 41. g4 Bf6 42. Rb1 1/2-1/2

[Event "MCR_CF284"]
[Site "?"]
[Date "2004.??.??"]
[Round "?"]
[White "Kratochvil, Vaclav"]
[Black "Zavadil, Jaroslav"]
[Result "1-0"]
[WhiteElo "2199"]
[BlackElo "2168"]
[PlyCount "67"]
[EventDate "2004.??.??"]
[EventType "corr"]
[EventRounds "2"]
[SourceDate "2005.03.12"]

1. e4 e5 2. Nf3 Nc6 3. Bb5 a6 4. Ba4 Nf6 5. O-O Nxe4 6. d4 b5 7. Bb3 d5 8. dxe5
Be6 9. c3 Be7 10. Nbd2 Nc5 11. Bc2 Bg4 12. Re1 O-O 13. Nb3 Qd7 14. Nxc5 Bxc5
15. Qd3 g6 16. Bb3 Rfd8 17. Nd4 Nxd4 18. cxd4 Bb4 19. Bd2 Bf5 20. Qe3 c5 21.
dxc5 d4 22. Qg5 Bxc5 23. e6 fxe6 24. g4 Be7 25. Qf4 Bd6 26. Qf3 Kg7 27. gxf5
exf5 28. Bg5 Rab8 29. Re6 Re8 30. Rae1 Rxe6 31. Rxe6 Rc8 32. Qd3 Bb4 33. Qg3
Qc7 34. Qh4 1-0

[Event "MCR_CF284"]
[Site "?"]
[Date "2004.??.??"]
[Round "?"]
[White "Pribyl, Rudolf"]
[Black "Zavadil, Jaroslav"]
[Result "1-0"]
[WhiteElo "2056"]
[BlackElo "2168"]
[PlyCount "57"]
[EventDate "2004.??.??"]
[EventType "corr"]
[EventRounds "2"]
[SourceDate "2005.03.12"]

1. d4 Nf6 2. c4 e6 3. Nf3 c5 4. d5 exd5 5. cxd5 Bd6 6. Bg5 O-O 7. Nc3 Re8 8. e3
Na6 9. Rc1 h6 10. Bh4 b6 11. Bd3 g5 12. Bg3 Bxg3 13. hxg3 Kg7 14. d6 Nb4 15.
Bc4 Bb7 16. a3 Nc6 17. Qd3 g4 18. Nh4 Ne5 19. Nf5+ Kf8 20. Qf1 Bxg2 21. Qxg2
Nxc4 22. Rxh6 Ng8 23. Qh1 Ne5 24. Rh8 Qg5 25. Nd5 Nf3+ 26. Kf1 Re6 27. Nde7 Rg6
28. Nxg8 Rxg8 29. Qh7 1-0

[Event "MCR_CF284"]
[Site "?"]
[Date "2004.??.??"]
[Round "?"]
[White "Struzka, Vlastimil"]
[Black "Pribyl, Rudolf"]
[Result "0-1"]
[WhiteElo "2128"]
[BlackElo "2056"]
[PlyCount "63"]
[EventDate "2004.??.??"]
[EventType "corr"]
[EventRounds "2"]
[SourceDate "2005.03.12"]

1. d4 Nf6 2. c4 g6 3. Nc3 d5 4. Nf3 Bg7 5. Bf4 O-O 6. cxd5 Nxd5 7. Nxd5 Qxd5 8.
Bxc7 Nc6 9. e3 Bf5 10. a3 Rac8 11. Bg3 Bc2 12. Qe2 Na5 13. Nd2 e5 14. Qb5 Qxb5
15. Bxb5 exd4 16. exd4 Rfd8 17. Be5 Bxe5 18. dxe5 Rc5 19. Be2 Rxe5 20. f4 Re6
21. Nf3 Bd3 22. Ne5 Bxe2 23. Kxe2 f6 24. Rhd1 Rxd1 25. Rxd1 fxe5 26. Rd8+ Kf7
27. Rd7+ Re7 28. Rxe7+ Kxe7 29. fxe5 Nc4 30. Kd3 Nxb2+ 31. Kd4 Ke6 32. g3 0-1

[Event "MCR_CF284"]
[Site "?"]
[Date "2004.??.??"]
[Round "?"]
[White "Fejfar, Vlastimil"]
[Black "Kratochvil, Vaclav"]
[Result "0-1"]
[WhiteElo "1958"]
[BlackElo "2199"]
[PlyCount "68"]
[EventDate "2004.??.??"]
[EventType "corr"]
[EventRounds "2"]
[SourceDate "2005.03.12"]

1. e4 c5 2. Nf3 Nc6 3. Nc3 e6 4. d4 cxd4 5. Nxd4 Nf6 6. Ndb5 d6 7. Bf4 e5 8.
Bg5 a6 9. Na3 b5 10. Bxf6 gxf6 11. Nd5 f5 12. Bd3 Be6 13. O-O Bxd5 14. exd5 Ne7
15. Nxb5 Bg7 16. Nc3 e4 17. Bc4 Ng6 18. Qd2 O-O 19. Rab1 Re8 20. Ne2 Qh4 21.
Bb3 Be5 22. h3 f4 23. f3 e3 24. Qd3 Kh8 25. c3 Rg8 26. Kh2 Qh5 27. Rg1 Nh4 28.
Rbf1 Rg5 29. Qc2 Rag8 30. Nc1 f5 31. Ba4 Rg3 32. Bd7 R8g4 33. Be8 Qg5 34. fxg4
f3 0-1

[Event "MCR_CF284"]
[Site "?"]
[Date "2004.??.??"]
[Round "?"]
[White "Kratochvil, Vaclav"]
[Black "Pribyl, Rudolf"]
[Result "1-0"]
[WhiteElo "2199"]
[BlackElo "2056"]
[PlyCount "86"]
[EventDate "2004.??.??"]
[EventType "corr"]
[EventRounds "2"]
[SourceDate "2005.03.12"]

1. e4 c5 2. Nf3 d6 3. d4 cxd4 4. Nxd4 Nf6 5. Nc3 Nc6 6. Bg5 e6 7. Qd2 a6 8.
O-O-O Qb6 9. Nb3 Be7 10. f3 O-O 11. h4 Rd8 12. Be3 Qc7 13. Qf2 Nd7 14. Qg3 b5
15. h5 Kh8 16. h6 g6 17. Kb1 Bb7 18. a3 b4 19. axb4 Nxb4 20. Rd2 Rab8 21. Bg5
f6 22. Be3 Ba8 23. Qh3 Nf8 24. Be2 Rdc8 25. Rc1 Qd7 26. Bd4 Nxc2 27. Kxc2 Qa4
28. Kd1 Qxb3+ 29. Ke1 Rc6 30. Kf1 e5 31. Ba7 Rbc8 32. Rcd1 Bb7 33. Be3 Qe6 34.
Nd5 Bd8 35. Qxe6 Nxe6 36. g4 Nf8 37. Nb4 Ba5 38. Nxc6 Bxd2 39. Rxd2 Rxc6 40.
Bd1 a5 41. Ba4 Rc1+ 42. Kf2 d5 43. exd5 Bc8 1-0

[Event "MCR_CF284"]
[Site "?"]
[Date "2004.??.??"]
[Round "?"]
[White "Houdek, Vladimir"]
[Black "Kratochvil, Vaclav"]
[Result "1/2-1/2"]
[WhiteElo "2184"]
[BlackElo "2199"]
[PlyCount "108"]
[EventDate "2004.??.??"]
[EventType "corr"]
[EventRounds "2"]
[SourceDate "2005.03.12"]

1. Nf3 Nf6 2. c4 c5 3. Nc3 d5 4. cxd5 Nxd5 5. d4 cxd4 6. Qxd4 Nxc3 7. Qxc3 Nc6
8. e4 e6 9. Bb5 Bd7 10. O-O Qb6 11. a4 Qc5 12. Qd3 Qd6 13. Qe2 a6 14. e5 Qc7
15. Bd3 Na5 16. Qd1 Bc6 17. Bd2 Bd5 18. Rc1 Nc6 19. Qe2 Rd8 20. Be4 Be7 21.
Bxd5 Rxd5 22. Rfd1 O-O 23. b4 Qb8 24. Bc3 Bxb4 25. Rxd5 exd5 26. Bxb4 Nxb4 27.
Qe3 Rc8 28. Rb1 a5 29. e6 Qc7 30. Rd1 Kh8 31. Ng5 fxe6 32. Qxe6 Rf8 33. Re1 Qf4
34. Nf3 h6 35. h3 Nd3 36. Re3 Qc4 37. Qe7 Qc5 38. Qh4 Qc1+ 39. Kh2 Qc7+ 40. Kg1
Qc2 41. Qe7 Rf6 42. Kh2 Kh7 43. Nh4 Nf4 44. Rg3 Nh5 45. Rxg7+ Nxg7 46. Qxf6
Qxa4 47. Qg6+ Kg8 48. Qxh6 Qc6 49. Qg5 Kh7 50. Qe7 Qe6 51. Qxb7 Qe4 52. g3 a4
53. Qa7 Kg8 54. Ng2 Ne6 1/2-1/2

[Event "MCR_CF284"]
[Site "?"]
[Date "2004.??.??"]
[Round "?"]
[White "Kratochvil, Vaclav"]
[Black "Houdek, Vladimir"]
[Result "1/2-1/2"]
[WhiteElo "2199"]
[BlackElo "2184"]
[PlyCount "113"]
[EventDate "2004.??.??"]
[EventType "corr"]
[EventRounds "2"]
[SourceDate "2005.03.12"]

1. e4 c5 2. Nf3 e6 3. d4 cxd4 4. Nxd4 a6 5. Bd3 Nf6 6. O-O d6 7. c4 Bd7 8. Nc3
Nc6 9. Be3 Be7 10. f4 Nxd4 11. Bxd4 e5 12. fxe5 dxe5 13. Bxe5 Ng4 14. Bd4 Bc5
15. Be2 Qb6 16. Nd5 Bxd4+ 17. Kh1 Ne3 18. Nxb6 Nxd1 19. Nxa8 Nf2+ 20. Rxf2 Bxf2
21. Rd1 Ke7 22. Nc7 Rd8 23. Nd5+ Kf8 24. g3 a5 25. Kg2 Bc5 26. Kf3 f6 27. h4
Kf7 28. Nf4 b6 29. g4 g5 30. Nd5 h6 31. h5 Ba4 32. b3 Bc6 33. b4 axb4 34. Rd2
Ra8 35. Bd1 Ra3+ 36. Bb3 Ke6 37. Rd1 Ke5 38. Rd2 Ra7 39. Rd1 Ra8 40. Rf1 Ba4
41. Rd1 Bxb3 42. axb3 Ra2 43. Ne3 Rh2 44. Rd5+ Ke6 45. Nf5 Rf2+ 46. Kg3 Rb2 47.
Ng7+ Kf7 48. Rd7+ Kg8 49. Nf5 Rxb3+ 50. Kg2 Bf8 51. Rb7 Rc3 52. Rxb6 Rxc4 53.
Kf3 Rc3+ 54. Ke2 Kf7 55. Rb8 Rc2+ 56. Kd3 Rc7 57. Kd4 1/2-1/2

[Event "MCR_CF284"]
[Site "?"]
[Date "2004.??.??"]
[Round "?"]
[White "Houdek, Vladimir"]
[Black "Pribyl, Rudolf"]
[Result "1/2-1/2"]
[WhiteElo "2184"]
[BlackElo "2056"]
[PlyCount "96"]
[EventDate "2004.??.??"]
[EventType "corr"]
[EventRounds "2"]
[SourceDate "2005.03.12"]

1. Nf3 d5 2. b3 Bg4 3. e3 Nf6 4. Bb2 Nbd7 5. Be2 e6 6. c4 Bd6 7. O-O c6 8. Nc3
O-O 9. d4 Qe7 10. h3 Bh5 11. c5 Bc7 12. b4 Ne4 13. Nxe4 dxe4 14. Nd2 Bxe2 15.
Qxe2 f5 16. a4 e5 17. b5 exd4 18. Qc4+ Rf7 19. Bxd4 Ne5 20. Qc3 Rd8 21. f3 exf3
22. Nxf3 Rd5 23. Bxe5 Rxc5 24. Qb3 Bxe5 25. Rac1 Bf6 26. bxc6 bxc6 27. Rfd1
Rxc1 28. Rxc1 c5 29. Kf2 Qd6 30. Qc4 Be7 31. Rc3 g6 32. Rd3 Qc7 33. Rd5 Kg7 34.
Ne5 Rf6 35. Nd7 Rc6 36. Qc3+ Kh6 37. Qc4 Re6 38. Ne5 Qb6 39. Rd2 Kg7 40. Qd5
Qd6 41. Qxd6 Rxd6 42. Ke2 Rxd2+ 43. Kxd2 Bd6 44. Nc6 a6 45. Kd3 Kf6 46. Kc4 Ke6
47. Nd8+ Kd7 48. Nb7 Kc6 1/2-1/2

[Event "MCR_CF284"]
[Site "?"]
[Date "2004.??.??"]
[Round "?"]
[White "Struzka, Vlastimil"]
[Black "Fejfar, Vlastimil"]
[Result "0-1"]
[WhiteElo "2128"]
[BlackElo "1958"]
[PlyCount "72"]
[EventDate "2004.??.??"]
[EventType "corr"]
[EventRounds "2"]
[SourceDate "2005.03.12"]

1. d4 Nf6 2. Nf3 d5 3. c4 dxc4 4. e3 Be6 5. Nbd2 Nc6 6. Bxc4 Bxc4 7. Nxc4 e6 8.
Qb3 a6 9. Nce5 Bb4+ 10. Bd2 Bxd2+ 11. Nxd2 Nxe5 12. dxe5 Nd5 13. O-O O-O 14.
Nf3 Rb8 15. Rad1 Qe7 16. Rd2 c5 17. e4 Nb4 18. Rfd1 Rbd8 19. Rd6 Nc6 20. Qb6 c4
21. h3 h6 22. R1d2 Kh7 23. a3 Kg8 24. a4 Rfe8 25. Kh2 Rb8 26. a5 Rec8 27. Rc2
Rd8 28. Qc5 Rd7 29. Rcd2 Rbd8 30. Rxc6 Qxc5 31. Rxc5 Rxd2 32. Nxd2 Rxd2 33.
Rxc4 Rxb2 34. Kg3 Rb5 35. Rc7 Rxe5 36. Rxf7 Kxf7 0-1

[Event "MCR_CF284"]
[Site "?"]
[Date "2004.??.??"]
[Round "?"]
[White "Fejfar, Vlastimil"]
[Black "Struzka, Vlastimil"]
[Result "1-0"]
[WhiteElo "1958"]
[BlackElo "2128"]
[PlyCount "75"]
[EventDate "2004.??.??"]
[EventType "corr"]
[EventRounds "2"]
[SourceDate "2005.03.12"]

1. e4 c5 2. Nf3 Nc6 3. Nc3 Nf6 4. Bb5 a6 5. Bxc6 dxc6 6. O-O Bg4 7. h3 Bh5 8.
e5 Nd5 9. Ne4 e6 10. Ng3 Bxf3 11. Qxf3 Nb4 12. Qd1 Qc7 13. Re1 c4 14. b3 cxb3
15. axb3 Rd8 16. d3 Qb6 17. Ne4 c5 18. Bd2 Qc7 19. Bc3 Qc6 20. Qd2 Be7 21. Re3
O-O 22. Rg3 Kh8 23. Nf6 g6 24. Rg4 Bxf6 25. exf6 Rg8 26. Re1 Nd5 27. Bb2 g5 28.
Re5 Qc8 29. g3 Rg6 30. Rexg5 Rxg5 31. Qxg5 Rg8 32. Qh5 Rxg4 33. Qxg4 Qg8 34.
Qxe6 Nb4 35. Qd6 Nxc2 36. Qxc5 Ne1 37. Qe3 Nc2 38. Qd2 1-0

[Event "MCR_CF284"]
[Site "?"]
[Date "2004.??.??"]
[Round "?"]
[White "Mateka, Petr"]
[Black "Struzka, Vlastimil"]
[Result "1-0"]
[WhiteElo "1899"]
[BlackElo "2128"]
[PlyCount "71"]
[EventDate "2004.??.??"]
[EventType "corr"]
[EventRounds "2"]
[SourceDate "2005.03.12"]

1. e4 c5 2. Nf3 Nc6 3. d4 cxd4 4. Nxd4 d5 5. exd5 Qxd5 6. Be3 Nf6 7. Nc3 Qa5 8.
Nxc6 bxc6 9. Qf3 Bd7 10. O-O-O Rd8 11. Rd4 Qc7 12. Bd3 c5 13. Bf4 e5 14. Re1
Bd6 15. Rxd6 Qxd6 16. Bxe5 Qe7 17. Qg3 Nh5 18. Nd5 Nxg3 19. Nxe7 Be6 20. Bxg7
Kxe7 21. Bxh8 Rxh8 22. hxg3 h6 23. b3 Rd8 24. Rh1 Bd5 25. f3 Rd6 26. Rh5 Kd8
27. g4 Ke7 28. Bb5 c4 29. Bxc4 Bxc4 30. bxc4 Ra6 31. Kb2 Kd7 32. Kb3 Rb6+ 33.
Rb5 Ra6 34. a4 Kc8 35. Rf5 Rb6+ 36. Kc3 1-0

[Event "MCR_CF284"]
[Site "?"]
[Date "2004.??.??"]
[Round "?"]
[White "Struzka, Vlastimil"]
[Black "Mateka, Petr"]
[Result "0-1"]
[WhiteElo "2128"]
[BlackElo "1899"]
[PlyCount "78"]
[EventDate "2004.??.??"]
[EventType "corr"]
[EventRounds "2"]
[SourceDate "2005.03.12"]

1. d4 Nf6 2. c4 e6 3. Nf3 Bb4+ 4. Bd2 Qe7 5. c5 Bxd2+ 6. Nbxd2 b6 7. Rc1 Ba6 8.
Qc2 Nc6 9. Ne5 Bb7 10. e3 O-O 11. Nxc6 Bxc6 12. e4 bxc5 13. Qxc5 Qxc5 14. Rxc5
Bxe4 15. Nxe4 Nxe4 16. Rxc7 Rfc8 17. Rxd7 Rc1+ 18. Ke2 Rb8 19. b3 Rbc8 20. Kf3
f5 21. g4 R8c2 22. gxf5 exf5 23. Bc4+ Rxc4 24. bxc4 Rxh1 25. Kf4 Rxh2 26. Kxf5
Nf6 27. Rxa7 Rxf2+ 28. Ke6 Re2+ 29. Kf5 h5 30. c5 h4 31. c6 Rc2 32. c7 Nd5 33.
Ra8+ Kf7 34. c8=N Rxc8 35. Rxc8 Ne7+ 36. Kg4 Nxc8 37. Kxh4 Kf6 38. Kg4 Nb6 39.
Kf4 g5+ 0-1

[Event "MCR_CF284"]
[Site "?"]
[Date "2004.??.??"]
[Round "?"]
[White "Pribyl, Rudolf"]
[Black "Struzka, Vlastimil"]
[Result "1/2-1/2"]
[WhiteElo "2056"]
[BlackElo "2128"]
[PlyCount "87"]
[EventDate "2004.??.??"]
[EventType "corr"]
[EventRounds "2"]
[SourceDate "2005.03.12"]

1. e4 c5 2. Nf3 Nc6 3. d4 cxd4 4. Nxd4 d5 5. Bb5 dxe4 6. Nxc6 Qxd1+ 7. Kxd1 a6
8. Ba4 Bd7 9. Nc3 Bxc6 10. Bxc6+ bxc6 11. Nxe4 Nf6 12. Nxf6+ gxf6 13. Be3 Bg7
14. c3 f5 15. Kc2 O-O-O 16. Rad1 Rhg8 17. g3 e5 18. Bb6 Rd5 19. c4 Rxd1 20.
Rxd1 e4 21. Rd6 Be5 22. Rh6 Kd7 23. Ba5 Bd4 24. Be1 f4 25. Rh4 fxg3 26. hxg3
Re8 27. Rxh7 Ke6 28. b4 Rd8 29. Rh4 f5 30. Rh6+ Kd7 31. c5 Kc7 32. Re6 Rd5 33.
g4 a5 34. a3 a4 35. gxf5 Rxf5 36. Rxe4 Bxf2 37. Kd3 Rd5+ 38. Kc4 Bxe1 39. Rxe1
Rh5 40. Re7+ Kb8 41. Kd4 Rh2 42. Re3 Ra2 43. Ke5 Kb7 44. Kd6 1/2-1/2

[Event "MCR_CF284"]
[Site "?"]
[Date "2004.??.??"]
[Round "?"]
[White "Mateka, Petr"]
[Black "Fejfar, Vlastimil"]
[Result "1-0"]
[WhiteElo "1899"]
[BlackElo "1958"]
[PlyCount "81"]
[EventDate "2004.??.??"]
[EventType "corr"]
[EventRounds "2"]
[SourceDate "2005.03.12"]

1. e4 e5 2. Nf3 Nc6 3. Bb5 a6 4. Ba4 Nf6 5. O-O Be7 6. Re1 b5 7. Bb3 O-O 8. c3
d5 9. exd5 Nxd5 10. Nxe5 Nxe5 11. Rxe5 c6 12. d4 Bd6 13. Re1 Qh4 14. g3 Qh3 15.
Be3 Bg4 16. Qd3 f5 17. f4 g5 18. Qf1 Qh5 19. Nd2 Kh8 20. Bxd5 cxd5 21. fxg5 f4
22. Bxf4 Rxf4 23. gxf4 Rf8 24. Re5 Bxe5 25. dxe5 h6 26. Qd3 hxg5 27. fxg5 Qxg5
28. Qg3 Rf5 29. Kh1 Be2 30. e6 Qxg3 31. hxg3 Re5 32. Re1 Rxe6 33. Kg2 Kg7 34.
Kf2 Bg4 35. Rxe6 Bxe6 36. Ke3 Kf6 37. Kd4 Kg5 38. Nb3 Kg4 39. Nc5 Bc8 40. Kxd5
Kxg3 41. Kc6 1-0